书目信息 |
| 题名: |
西安事变资料
|
|
| 作者: | ;中国社会科学院现代史研究室 编 | |
| 分册: | 第一辑 | |
| 出版信息: | 北京 人民出版社 1980 |
|
| 页数: | 270页 | |
| 开本: | 19cm | |
| 丛书名: | 中国现代革命史资料丛刊 | |
| 单 册: | ||
| 中图分类: | K264.8 | |
| 科图分类: | ||
| 主题词: | 西安事变(1936)--史料 | |
| 电子资源: | ||
| ISBN: | ||
| 000 | 00776nam2 2200253 45 | |
| 001 | 0180000576 | |
| 005 | 20060808082637.29 | |
| 010 | @dCNY0.74 | |
| 091 | @aCN@b11001.397 | |
| 100 | @a19950313d1980 em y0chiy0121 ea | |
| 101 | 0 | @achi |
| 102 | @aCN@b110000 | |
| 105 | @ay z 000yy | |
| 200 | 10 | @a西安事变资料@Axi an shi bian zi liao@h第一辑@f中国社会科学院现代史研究室编 |
| 210 | @a北京@c人民出版社@d1980 | |
| 215 | @a270页@d19cm | |
| 225 | 2 | @a中国现代革命史资料丛刊 |
| 410 | 0 | @120010@a中国现代革命史资料丛刊 |
| 606 | @a西安事变(1936)@x史料 | |
| 690 | @aK264.8@v3 | |
| 711 | 02 | @a中国社会科学院现代史研究室@Azhong guo she hui ke xue yuan xian dai shi yan jiu shi@4编 |
| 801 | 0 | @aCN@bTSSF@c20060808 |
| 801 | 2 | @aCN@bNLC@c20060724 |
| 905 | @a10447@dK264.8@e8:1 | |
| 西安事变资料.第一辑/中国社会科学院现代史研究室编.-北京:人民出版社,1980 |
| 270页;19cm.-(中国现代革命史资料丛刊) |
| ISBN :CNY0.74 |
| ● |
| 相关链接 |
|
|
|
|
正题名:西安事变资料
索取号:K264.8/8:1
 
预约/预借
| 序号 | 登录号 | 条形码 | 馆藏地/架位号 | 状态 | 备注 |
| 1 | 0435987 | 204359871 | 密集书库/ [索取号:K264.8/8:1] | 在馆 | |
| 2 | 0444898 | 204448981 | 密集书库/ [索取号:K264.8/8:1] | 在馆 |